| 000 | 00626nam a22002177a 4500 | ||
|---|---|---|---|
| 005 | 20230524132746.0 | ||
| 008 | 140523b xxu||||| |||| 00| 0 eng d | ||
| 020 |
_a9780670086474 _c499 |
||
| 040 | _aLoreto College | ||
| 041 | _aEnglish | ||
| 082 |
_aTAG 891.44 _bTAG-KAK |
||
| 100 | _aKakar, Sudhir | ||
| 245 |
_aYoung Tagore _bThe making of a genius _cSudhir Kakar |
||
| 260 |
_aNew Delhi _bPenguin Group _c2013 |
||
| 300 |
_ax,238p _b24 cm |
||
| 504 | _aIncludes bibliographical references and index | ||
| 600 |
_aTagore, Rabindranath _d1861-1941 _vBiography |
||
| 650 | _aBiography | ||
| 850 | _aLCLIB | ||
| 942 | _cBK | ||
| 999 |
_c39250 _d89729 |
||